000 00941 a2200229 4500
005 20260225172334.0
008 260225b |||||||| |||| 00| 0 eng d
020 _a9789385054198 (hbk)
037 _cTB
040 _aCRL
_cCRL
041 _2hin
_ahin
084 _aO152,3N69x Q5
_qCRL
100 _aकुंदन, संजय
_9864117
245 _aश्यामलाल का अकेलापन
260 _aनयी दिल्ली, भारत:
_bकिताबघर प्रकाशन,
_c2015.
300 _a168पृ.
365 _b300.00
_cINR
650 _aहिन्दी कहानी
650 _aहिन्दी साहित्य
942 _cTB
_2CC
_hO152,3N69x Q5
999 _c1467572
_d1467572